Statistics for Aikatsu Season 2 Songs

Click here to take the quiz!

General Stats

  • This quiz has been taken 62 times
  • The average score is 9 of 21

Answer Stats

HintAnswer% Correct
Idol Activity
71%
Trap of Love
64%
Calendar Girl
60%
Glass Doll
57%
Diamond Happy
55%
Hirari/Hitori/Kirari
52%
Signalize
52%
Angel Snow
52%
Move on Now
50%
prism spiral
48%
Wake Up My Music
48%
Take me Higher
45%
Growing for a Dream
38%
fashion check!
38%
Ponytail After School
38%
Happiness on the Same Earth
33%
Moonlight Destiny
31%
Midnight Skyhigh
21%
Thrilling Dream
21%
Clockwise Wonderland
14%
Shining Sky on the G String
12%

Score Distribution

Percentile by Number Answered

Percent of People with Each Score

Your Score History

You have not taken this quiz